Bis 10 zählen in Europa: Pro-Version - Statistiken

Allgemein
  • Dieses Quiz wurde 9.616 mal gespielt
  • Das Durchschnittsergebnis liegt bei 35 aus 80
Antwortstatistiken
Sprache # Antwort % Korrekt
Französisch 1 Un
99%
Italienisch 3 Tre
96%
Schwedisch 3 Tre
96%
Spanisch 1 Uno
96%
Italienisch 1 Uno
96%
Englisch 1 One
94%
Französisch 6 Six
94%
Englisch 6 Six
94%
Englisch 2 Two
93%
Englisch 5 Five
92%
Englisch 4 Four
92%
Englisch 9 Nine
92%
Englisch 7 Seven
92%
Englisch 10 Ten
92%
Englisch 3 Three
92%
Englisch 8 Eight
91%
Spanisch 2 Dos
89%
Spanisch 3 Tres
87%
Portugiesisch 3 Três
87%
Französisch 5 Cinq
67%
Französisch 2 Deux
66%
Italienisch 6 Sei
66%
Französisch 3 Trois
65%
Französisch 4 Quatre
63%
Italienisch 2 Due
60%
Französisch 9 Neuf
58%
Französisch 7 Sept
58%
Portugiesisch 4 Quatro
57%
Französisch 10 Dix
56%
Französisch 8 Huit
55%
Spanisch 8 Ocho
51%
Spanisch 5 Cinco
50%
Portugiesisch 5 Cinco
50%
Spanisch 6 Seis
50%
Portugiesisch 6 Seis
50%
Italienisch 4 Quattro
49%
Spanisch 9 Nueve
47%
Spanisch 7 Siete
45%
Spanisch 4 Cuatro
43%
Spanisch 10 Diez
40%
Italienisch 5 Cinque
39%
Niederländisch 1 Een
37%
Italienisch 8 Otto
36%
Italienisch 9 Nove
34%
Portugiesisch 9 Nove
34%
Italienisch 7 Sette
33%
Niederländisch 4 Vier
31%
Niederländisch 8 Acht
28%
Schwedisch 1 En
28%
Italienisch 10 Dieci
25%
Schwedisch 6 Sex
23%
Niederländisch 2 Twee
21%
Portugiesisch 7 Sete
16%
Polnisch 2 Dwa
14%
Niederländisch 3 Drie
13%
Polnisch 1 Jeden
10%
Niederländisch 9 Negen
10%
Niederländisch 10 Tien
10%
Portugiesisch 1 Um
10%
Portugiesisch 2 Dois
9%
Schwedisch 5 Fem
9%
Niederländisch 5 Vijf
9%
Niederländisch 7 Zeven
9%
Portugiesisch 10 Dez
8%
Niederländisch 6 Zes
8%
Schwedisch 4 Fyra
7%
Portugiesisch 8 Oito
7%
Polnisch 8 Osiem
7%
Polnisch 7 Siedem
7%
Schwedisch 7 Sju
7%
Polnisch 3 Trzy
7%
Schwedisch 2 Två
7%
Schwedisch 8 Åtta
6%
Polnisch 4 Cztery
6%
Polnisch 9 Dziewięć
6%
Schwedisch 9 Nio
6%
Polnisch 5 Pięć
6%
Polnisch 6 Sześć
6%
Schwedisch 10 Tio
6%
Polnisch 10 Dziesięć
5%
Keine übereinstimmenden Quizze gefunden
Verteilung der Resultate
Anzahl Personen mit jedem Resultat
Perzentil nach korrekt beantworteten Fragen
Ihre Resultats-Entwicklung
Sie haben dieses Quiz noch nicht gespielt